|
|
|
|
| LEADER |
00000cam a2200000 7i4500 |
| 001 |
0000001650 |
| 005 |
20010905.0 |
| 090 |
0 |
0 |
|a 634.9
|b KEG 1977
|
| 245 |
0 |
0 |
|a KEGUNAAN barang-barang hutan
|
| 260 |
0 |
0 |
|a Kepong, Selangor :
|b Sekolah Perhutanan ,
|c 1977
|
| 300 |
|
|
|a xi, 128 p. :
|b ill. ;
|c 26 cm.
|
| 650 |
0 |
0 |
|a Forests and forestry
|
| 998 |
|
|
|a JPSM
|
| 999 |
|
|
|a 0000002682
|b Monograph
|c Open Shelf
|e Default branch
|
| 999 |
|
|
|a 0000003269
|b Monograph
|c Open Shelf
|e Default branch
|
| 999 |
|
|
|a 0000003270
|b Monograph
|c Open Shelf
|e Default branch
|
| 999 |
|
|
|a 0000004936
|b Monograph
|c Open Shelf
|e Default branch
|
| 999 |
|
|
|a 0000004970
|b Monograph
|c Open Shelf
|e Default branch
|